| 000 | 01316cam a2200373Ia 4500 | ||
|---|---|---|---|
| 001 | 72912 | ||
| 005 | 20230410132857.0 | ||
| 008 | 020325t2001 nyuabf b 001 0beng d | ||
| 010 | _a00066366 | ||
| 035 | _a(OCoLC)ocm49391703 | ||
| 040 |
_aTEF _cTEF _dBAKER _dYDXCP _dOCLCG |
||
| 020 | _a0805069305 | ||
| 020 | _a9780805069303 | ||
| 029 | 1 |
_aAU@ _b000043029463 |
|
| 035 | _a(OCoLC)49391703 | ||
| 043 | _ae-ne--- | ||
| 050 | 1 | 4 |
_aB ND 653 _bV523B 2001 |
| 082 | 0 | 0 | _a759.9492 |
| 049 | _aGRAL | ||
| 100 | 1 |
_aBailey, Anthony, _d1933- |
|
| 245 | 1 | 0 |
_aVermeer : _ba view of Delft / _cAnthony Bailey. |
| 260 |
_aNew York : _bHenry Holt and Co., _c2001. |
||
| 300 |
_axiii, 272 p. : _bill. (some col.), map ; _c22 cm. |
||
| 440 | 0 | _aJohn Macrae / Owl Book | |
| 500 | _a"Simultaneously published in the United Kingdom under the title A view of Delft : Vermeer then and now by Chatto & Windus, London"--T.p. verso. | ||
| 504 | _aIncludes bibliographical references (p. [257]-262) and index. | ||
| 600 | 1 | 0 |
_aVermeer, Johannes, _d1632-1675. |
| 650 | 0 |
_aPainters _zNetherlands _vBiography. |
|
| 650 | 0 | _aDelft (Netherlands) in art. | |
| 938 |
_aBaker & Taylor _bBKTY _c16.00 _d12.00 _i0805069305 _n0003794886 _sactive |
||
| 938 |
_aYBP Library Services _bYANK _n1808437 |
||
| 942 |
_2lcc _cbk |
||
| 994 |
_aC0 _bDRFGD |
||
| 999 |
_c89412 _d89412 |
||